Imágenes mineras

Saved in:
Bibliografiske detaljer
Hovedforfatter: Román Rivera, Lucía (Author)
Format: Bog
Sprog:spansk
Udgivet: Copiapó El Inca 1990
Udgivelse:1a. ed
Fag:
Tags: Tilføj Tag
Ingen Tags, Vær først til at tagge denne postø!

MARC

LEADER 00000cam a2200000 a 4500
001 UCE8731
003 CL-VaPUC
008 150827e19900000cl |||||||||||||||||spa|d
082 0 4 |a Ch861  |b ROM  |2 21 
100 0 |a Román Rivera, Lucía  |e author  |9 581445 
245 1 0 |a Imágenes mineras 
250 |a 1a. ed 
300 |a 82 p 
942 |c BK 
945 |d 20150827 16:13:00  |a gsalatino 
260 |a Copiapó  |b El Inca  |c 1990 
650 0 |a Poesías chilenas   |9 265280 
583 |a last modification  |c 20150827 16:13:00  |k Rodrigo Vera 
999 |c 360510  |d 360508 
952 |0 0  |1 0  |3 erb  |4 0  |6 CH_861_000000000000000_ROM_1990  |7 0  |8 A  |9 470346  |a BIBEDU  |b BIBEDU  |e Valenzuela Fuenzalida, Alvaro Miguel, 1932-  |i 5203155  |o Ch861 ROM 1990  |p 5203155  |r 2019-11-23  |w 2019-11-23  |y BK  |z Catalogado en:20150827  |k LIT